[Event "Championnat de France - Open C"]
[Site "Nimes"]
[Date "2009.08.22"]
[Round "11.8"]
[White "Kaser, Simon"]
[Black "Cepisul, Desire"]
[Result "0-1"]
[WhiteElo "1670"]
[BlackElo "1755"]
[PlyCount "84"]

1. d4 d5 2. c4 e6 3. Nc3 Nf6 4. Nf3 c6 5. Bg5 Nbd7 6. e3 Qa5 7. Nd2 Bb4 8. Qc2
O-O 9. Bd3 dxc4 10. Nxc4 Qxg5 11. O-O Bxc3 12. bxc3 e5 13. dxe5 Ng4 14. f4 Qh6
15. h3 b5 16. hxg4 bxc4 17. Bxc4 Nb6 18. Be2 Nd5 19. Qd2 Qh4 20. e4 Nb6 21. f5
Bb7 22. Qf4 h6 23. g3 Qg5 24. Qxg5 hxg5 25. Kf2 Rfe8 26. Rh1 Rxe5 27. Rh5 f6
28. a4 Rxe4 29. a5 Rae8 30. Bd3 Ra4 31. Rxa4 Nxa4 32. Bc4+ Kf8 33. Rh8+ Ke7 34.
Rh7 Nc5 35. Rxg7+ Kd6 36. Rf7 Ke5 37. a6 Bxa6 38. Bxa6 Nxa6 39. Rxa7 Nc5 40.
Ra5 Kd6 41. Ra3 Re4 42. Kf3 Rc4 0-1

[Event "Championnat de France - Open C"]
[Site "Nimes"]
[Date "2009.08.22"]
[Round "11.9"]
[White "Nolot, Clementine"]
[Black "Dell'Unto, Anthony"]
[Result "0-1"]
[WhiteElo "1618"]
[BlackElo "1730"]
[PlyCount "64"]

1. e4 d6 2. d4 Nf6 3. Nc3 Nbd7 4. Nf3 g6 5. h3 Bg7 6. Be3 c6 7. Qd2 O-O 8. Bh6
e5 9. Bxg7 Kxg7 10. O-O-O b5 11. dxe5 dxe5 12. Qe3 Qb6 13. Re1 Qxe3+ 14. Rxe3
Re8 15. Bd3 Nh5 16. g3 f6 17. Ne2 Kf7 18. Nh4 a6 19. f4 c5 20. c3 Bb7 21. Rd1
c4 22. Bxc4+ bxc4 23. Rxd7+ Re7 24. Rxe7+ Kxe7 25. f5 Kf7 26. fxg6+ hxg6 27. g4
Ng7 28. Ng3 Ne6 29. b3 Nf4 30. Ne2 Rh8 31. Nf3 Ng2 32. Nxe5+ fxe5 0-1

[Event "Championnat de France - Open C"]
[Site "Nimes"]
[Date "2009.08.22"]
[Round "11.10"]
[White "Gagnepain, Laurent"]
[Black "Biancarelli, Pablo"]
[Result "1-0"]
[WhiteElo "1726"]
[BlackElo "1660"]
[PlyCount "107"]

1. d4 Nf6 2. Nf3 g6 3. g3 Bg7 4. Bg2 d6 5. O-O O-O 6. b3 Nbd7 7. Bb2 c5 8. d5
Qc7 9. c4 Rd8 10. Nc3 a6 11. Qc1 e5 12. dxe6 fxe6 13. Rd1 Nb6 14. e4 d5 15.
exd5 exd5 16. Nxd5 Nfxd5 17. cxd5 Rxd5 18. Rxd5 Nxd5 19. Bxg7 Kxg7 20. Ng5 Nf6
21. Qc3 Qd6 22. Ne4 Qd4 23. Qxd4 cxd4 24. Nxf6 Kxf6 25. Rd1 Bf5 26. Rxd4 Rb8
27. Rd6+ Ke5 28. Rb6 Bb1 29. a3 Ba2 30. b4 Bd5 31. f4+ Kd4 32. Rd6 Kc4 33. Rxd5
Kb3 34. Rd3+ Ka4 35. Kf2 Rc8 36. Bxb7 Rc2+ 37. Ke3 a5 38. bxa5 Kxa5 39. h4 Rc7
40. Bg2 Rc2 41. Bh3 Rh2 42. Bd7 Rc2 43. a4 Rc4 44. Bb5 Rb4 45. Rd7 Rb3+ 46. Kf2
Rb2+ 47. Kg1 Rb1+ 48. Kg2 Rb2+ 49. Kh3 h5 50. Rd6 Rb1 51. Rxg6 Rh1+ 52. Kg2 Rc1
53. Rg5 Rc2+ 54. Kh3 1-0